000 00235nam a22000977a 4500
008 170124b xxu||||| |||| 00| 0 eng d
041 _aeng
080 _a618.2
245 _aSECURING ACCESS TI HEALTH CARE
_cBALLANTINE, TH
942 _2udc
_cBK
999 _c3430
_d3430